000 00554nam a2200181 a 4500
005 20140412111320.0
008 001219s19uu xx 00 eng d
020 _a1-85534-586-2
050 _aER
_bCh432 1993
100 _aHamilton, Judy
245 _aChicken-licken /
_cretold by Judy Hamilton ; illustrated by R. James Binnie.
260 _aNew Lanark, Scotland :
_bTarantula Books,
_c1993.
300 _a1 v. (unp.) ; ill.
650 _aChicken stories -- Fiction
650 _aChildren's stories - Fiction
999 _c104363
_d104363